[Event "Aimchess US Rapid KO 2021"]
[Site "chess24.com INT"]
[Date "2021.09.01"]
[Round "1.22"]
[White "Carlsen, Magnus"]
[Black "Duda, Jan-Krzysztof"]
[Result "1/2-1/2"]
[WhiteTitle "GM"]
[BlackTitle "GM"]
[WhiteElo "2847"]
[BlackElo "2738"]
[WhiteFideId "1503014"]
[BlackFideId "1170546"]
[EventDate "2021.08.31"]
[EventType "k.o."]

1. e4 c5 2. Nf3 e6 3. c3 Nf6 4. e5 Nd5 5. Bc4 d6 6. d4 cxd4 7. cxd4 Be7 8. O-O
O-O 9. Qe2 b6 10. Bxd5 exd5 11. Re1 Ba6 12. Qc2 dxe5 13. Nxe5 f6 14. Nc6 Nxc6
15. Qxc6 Qd6 16. Qa4 Bb7 17. Nc3 Rfe8 18. Bf4 Qc6 19. Qxc6 Bxc6 20. Re6 Rac8 21.
Bd6 Bxd6 22. Rxd6 Kf7 23. Nxd5 Re2 24. Ne3 Rxb2 25. h4 Ba4 26. h5 Rd2 27. d5 Rd4
28. Re1 Re4 29. g4 h6 30. Re6 Re8 31. Rxe4 Rxe4 32. Rc1 Bd7 33. Rc7 Ke8 34. Rxa7
Bxg4 35. Rxg7 Bxh5 36. Rb7 Bf3 37. Kh2 Re5 38. Rxb6 Bxd5 39. Ng4 Re2 40. Nxf6+
Kf7 41. Nxd5 Rxf2+ 42. Kg3 Rxa2 43. Rxh6 Ra5 44. Rd6 Ra4 45. Kf3 Rd4 46. Ke3 Rd1
47. Ke4 Re1+ 48. Kf5 Rf1+ 49. Nf4 Ke7 50. Rd2 Rf3 51. Rd1 Rf2 52. Ke5 Rf3 53.
Nd5+ Kf7 54. Ra1 Rb3 55. Ra7+ Kg6 56. Nf4+ Kg5 57. Rg7+ Kh4 58. Ng2+ Kh3 59. Kf4
Rb8 60. Ne3 Rb4+ 61. Kf3 Kh4 62. Nf5+ Kh5 63. Rg8 Rf4+ 64. Kxf4 1/2-1/2

[Event "Aimchess US Rapid KO 2021"]
[Site "chess24.com INT"]
[Date "2021.09.01"]
[Round "1.23"]
[White "Dominguez Perez, Leinier"]
[Black "Artemiev, Vladislav"]
[Result "0-1"]
[WhiteTitle "GM"]
[BlackTitle "GM"]
[WhiteElo "2758"]
[BlackElo "2704"]
[WhiteFideId "3503240"]
[BlackFideId "24101605"]
[EventDate "2021.08.31"]
[EventType "k.o."]

1. e4 e5 2. Nf3 Nc6 3. Bc4 Nf6 4. d3 Be7 5. O-O O-O 6. Re1 d6 7. a4 h6 8. a5 a6
9. h3 Nh7 10. Nc3 Ng5 11. Nd5 Nxf3+ 12. Qxf3 Kh7 13. c3 f5 14. exf5 Bxf5 15. d4
Bh4 16. Be3 Bg6 17. Qg4 Bf5 18. Qe2 exd4 19. cxd4 Ne7 20. Nf4 d5 21. Bd3 Qd7 22.
Qg4 Bf6 23. Bd2 Kg8 24. Bxf5 Qxf5 25. Ne6 Rf7 26. Nxc7 Qxg4 27. hxg4 Rc8 28. Ne6
Rc2 29. Be3 Nc6 30. b3 g5 31. Rac1 Ra2 32. b4 Re7 33. Nc5 Nxb4 34. Rb1 Nc6 35.
Rxb7 Rxb7 36. Nxb7 Nxd4 37. Nc5 Nc2 38. Rd1 Nxe3 39. fxe3 Rxa5 40. Nd7 Bg7 41.
Nb6 d4 42. exd4 Ra1 43. Rxa1 Bxd4+ 44. Kf1 Bxa1 45. Ke2 Kf7 46. Nd5 a5 47. Kd3
Ke6 48. Ne3 Bg7 49. Nf5 Bf8 50. Ng3 Ke5 51. Nh5 a4 52. Kc4 Ke4 53. Kc3 Ke3 54.
Kc2 Kf2 55. g3 Kf3 56. Nf6 Kxg3 57. Kb1 Kh4 58. Ka2 Bg7 0-1

[Event "Aimchess US Rapid KO 2021"]
[Site "chess24.com INT"]
[Date "2021.09.01"]
[Round "1.23"]
[White "So, Wesley"]
[Black "Firouzja, Alireza"]
[Result "1-0"]
[WhiteTitle "GM"]
[BlackTitle "GM"]
[WhiteElo "2772"]
[BlackElo "2759"]
[WhiteFideId "5202213"]
[BlackFideId "12573981"]
[EventDate "2021.08.31"]
[EventType "k.o."]

1. e4 e5 2. Nf3 Nc6 3. Bc4 Nf6 4. d3 Bc5 5. O-O d6 6. c3 a6 7. Bg5 h6 8. Bh4 Ba7
9. a4 g5 10. Bg3 O-O 11. Nbd2 Nh7 12. Kh1 Kg7 13. d4 h5 14. h3 Qf6 15. dxe5 dxe5
16. b4 g4 17. b5 gxf3 18. Nxf3 Na5 19. Bxe5 Nxc4 20. Bxf6+ Nxf6 21. Qe2 Be6 22.
Nd4 Ne5 23. f4 Bc4 24. Qe3 Ng6 25. f5 Bxf1 26. Rxf1 Rae8 27. fxg6 fxg6 28. e5
axb5 29. exf6+ Rxf6 30. Qxe8 Rxf1+ 31. Kh2 Bxd4 32. cxd4 bxa4 33. Qe5+ Kh6 34.
Qxc7 b5 35. Qb8 a3 36. Qxb5 Rf4 37. Qb8 Rf7 1-0

[Event "Aimchess US Rapid KO 2021"]
[Site "chess24.com INT"]
[Date "2021.09.01"]
[Round "1.23"]
[White "Mamedyarov, Shakhriyar"]
[Black "Aronian, Levon"]
[Result "1/2-1/2"]
[WhiteTitle "GM"]
[BlackTitle "GM"]
[WhiteElo "2782"]
[BlackElo "2782"]
[WhiteFideId "13401319"]
[BlackFideId "13300474"]
[EventDate "2021.08.31"]
[EventType "k.o."]

1. d4 Nf6 2. c4 e6 3. Nc3 Bb4 4. f3 c5 5. d5 b5 6. e4 d6 7. Bd2 a6 8. Nge2 O-O
9. Nf4 exd5 10. cxd5 Nbd7 11. a4 bxa4 12. Qxa4 Ne5 13. Be2 Rb8 14. O-O c4 15.
Qc2 g5 16. Nh3 Bxh3 17. gxh3 Nh5 18. Kh1 Kh8 19. Rg1 Nf4 20. h4 Nxe2 21. Nxe2
Bxd2 22. Qxd2 Nxf3 23. Qc3+ Ne5 24. Nd4 g4 25. Rxa6 Qxh4 26. Nf5 Qf2 27. Nxd6 f6
28. Rg2 Qf1+ 29. Rg1 Qf2 30. Rg2 Qf1+ 31. Rg1 Qf2 1/2-1/2

[Event "Aimchess US Rapid KO 2021"]
[Site "chess24.com INT"]
[Date "2021.09.01"]
[Round "1.23"]
[White "Duda, Jan-Krzysztof"]
[Black "Carlsen, Magnus"]
[Result "0-1"]
[WhiteTitle "GM"]
[BlackTitle "GM"]
[WhiteElo "2738"]
[BlackElo "2847"]
[WhiteFideId "1170546"]
[BlackFideId "1503014"]
[EventDate "2021.08.31"]
[EventType "k.o."]

1. c4 Nf6 2. Nc3 e5 3. g3 Bb4 4. Nf3 e4 5. Nd4 Nc6 6. Nc2 Bxc3 7. dxc3 h6 8. Bg2
d6 9. h3 b6 10. Ne3 Bb7 11. Nd5 Ne5 12. Bf4 O-O 13. b3 Re8 14. Be3 a5 15. a4
Ned7 16. g4 Nc5 17. Rb1 Nxd5 18. cxd5 f5 19. Qd2 Re5 20. c4 Qh4 21. Bf4 Re7 22.
Kf1 Rf8 23. g5 e3 24. Bxe3 Ne4 25. Qd3 f4 26. Bd4 Nxg5 27. f3 Bc8 28. Qd2 Nxh3
29. Qe1 Qxe1+ 30. Kxe1 Ng5 31. Rh4 Bf5 32. Rb2 Bd7 33. Kf2 Ref7 34. Rd2 Re8 35.
Bf1 Nh7 36. Bc3 Nf8 37. Rd4 Ng6 38. Rh1 Kh7 39. Bd2 Ref8 40. Bg2 Ne5 41. Ra1 g5
42. b4 axb4 43. Bxb4 Ra8 44. a5 bxa5 45. Rxa5 Rxa5 46. Bxa5 c5 47. dxc6 Nxc6 48.
Rd5 Be6 49. Rxd6 Nxa5 50. Rxe6 Nxc4 51. Bh3 Ne3 52. Bg4 Ra7 53. Ke1 Ra1+ 54. Kd2
Nxg4 55. fxg4 Rg1 56. Kd3 Rxg4 57. Ke4 Rg3 58. Kf5 Re3 59. Ra6 Rxe2 60. Kf6 Re8
61. Ra7+ Kg8 62. Rg7+ Kh8 63. Rf7 Rg8 64. Kf5 g4 65. Rf6 g3 66. Rxh6+ Kg7 67.
Rh1 g2 68. Rg1 f3 69. Kf4 Rf8+ 70. Ke3 Kg6 71. Kf2 Kg5 72. Ra1 Kg4 73. Ra7 Rh8
74. Rg7+ Kh3 75. Kg1 f2+ 76. Kxf2 Rf8+ 0-1

[Event "Aimchess US Rapid KO 2021"]
[Site "chess24.com INT"]
[Date "2021.09.01"]
[Round "1.24"]
[White "Artemiev, Vladislav"]
[Black "Dominguez Perez, Leinier"]
[Result "1-0"]
[WhiteTitle "GM"]
[BlackTitle "GM"]
[WhiteElo "2704"]
[BlackElo "2758"]
[WhiteFideId "24101605"]
[BlackFideId "3503240"]
[EventDate "2021.08.31"]
[EventType "k.o."]

1. d4 Nf6 2. Nf3 d5 3. c4 e6 4. Nc3 Bb4 5. e3 O-O 6. Bd2 b6 7. Rc1 Bb7 8. cxd5
exd5 9. Bd3 Re8 10. O-O Bf8 11. Ne5 c5 12. b3 Nc6 13. Nxc6 Bxc6 14. Ne2 Bd6 15.
h3 Rc8 16. Bf5 Bd7 17. Bxd7 Qxd7 18. dxc5 bxc5 19. Bc3 Ne4 20. Bb2 Bb8 21. Qd3
Rc6 22. Rcd1 Rh6 23. f4 Rxh3 24. gxh3 Qxh3 25. Rf2 Re6 26. Rg2 Rh6 27. Qxe4 Qh1+
28. Kf2 Qh4+ 29. Ng3 dxe4 30. Rh1 Qd8 31. Rxh6 gxh6 32. Nxe4+ Kf8 33. Bg7+ Ke8
34. Bf6 Qb6 35. Rg8+ Kd7 36. Rf8 Bc7 37. Rxf7+ Kc8 38. Rxh7 Qe6 39. Rh8+ Bd8 40.
Rxd8+ Kc7 41. Kf3 Qh3+ 42. Ng3 h5 43. Rh8 Qg4+ 44. Kf2 Qd1 45. Rxh5 Kc6 46. Be7
c4 47. bxc4 Qc2+ 48. Ne2 Qxa2 49. Bb4 Qc2 50. Rc5+ Kd7 51. Ra5 Qxc4 52. Rxa7+
Kc6 53. Bc3 Qe4 54. Ra5 Kd6 55. Bd4 Qh1 56. Ng3 Qh2+ 57. Kf3 Qc2 58. f5 Qd1+ 59.
Kf4 Qe1 60. Ne4+ Kc6 61. Rc5+ Kd7 62. Ke5 Qh4 63. Nf6+ Ke7 64. Rc7+ Kd8 65. Rh7
Qg3+ 66. Ke6 Kc8 67. Be5 Qg2 68. Rc7+ Kd8 69. Rd7+ Kc8 70. e4 Qg8+ 71. Kd6 Qf8+
72. Re7 Kd8 73. Nd5 Qh6+ 74. Re6 Qc1 75. Bf6+ Kc8 76. Re8+ Kb7 77. Re7+ Ka6 78.
Bd4 Qh6+ 79. f6 Qh2+ 80. e5 Kb5 81. f7 Qh6+ 82. Nf6 Kc4 83. Re8 1-0

[Event "Aimchess US Rapid KO 2021"]
[Site "chess24.com INT"]
[Date "2021.09.01"]
[Round "1.24"]
[White "Firouzja, Alireza"]
[Black "So, Wesley"]
[Result "0-1"]
[WhiteTitle "GM"]
[BlackTitle "GM"]
[WhiteElo "2759"]
[BlackElo "2772"]
[WhiteFideId "12573981"]
[BlackFideId "5202213"]
[EventDate "2021.08.31"]
[EventType "k.o."]

1. e4 e6 2. d4 d5 3. exd5 exd5 4. Nf3 Bd6 5. c4 Nf6 6. Nc3 O-O 7. cxd5 Nbd7 8.
Be2 Nb6 9. Bg5 h6 10. Bxf6 Qxf6 11. O-O Re8 12. Re1 Bg4 13. Ne5 Bf5 14. Bf3 Bxe5
15. dxe5 Rxe5 16. Rxe5 Qxe5 17. Qe2 Qxe2 18. Bxe2 Re8 19. Rd1 Na4 20. Bb5 Nxc3
21. bxc3 Rd8 22. Be2 Kf8 23. f3 Ke7 24. Kf2 Kd6 25. Rd4 a5 26. h4 Rd7 27. Bc4
Bc2 28. Ke3 Kc5 29. Kd2 Bg6 30. Bb3 f6 31. Ra4 Kb6 32. c4 Re7 33. c5+ Kxc5 34.
Rxa5+ Kd6 35. Ra7 b6 36. a4 Bf7 37. a5 bxa5 38. Ra6+ Kc5 39. d6 cxd6 40. Bxf7
Rxf7 41. Rxa5+ Kd4 42. Ra4+ Kd5 43. Ra5+ Ke6 44. Ke3 Rb7 45. h5 d5 46. Kf4 Rb4+
47. Ke3 Ke5 48. f4+ Ke6 49. Ra7 Kf5 50. Rxg7 Re4+ 51. Kd3 Rxf4 52. Rg6 Rg4 53.
Rxh6 Rxg2 54. Rh8 Rh2 55. Kd4 Ke6 56. h6 Rh4+ 57. Ke3 d4+ 58. Kd3 Kf7 59. h7 Kg7
60. Rg8+ Kxh7 61. Rg1 f5 62. Kc4 Kh6 63. Kd5 Re4 64. Rg2 Kh5 65. Rg1 Kh4 66. Rg8
d3 67. Rg1 d2 68. Rd1 Re2 0-1

[Event "Aimchess US Rapid KO 2021"]
[Site "chess24.com INT"]
[Date "2021.09.01"]
[Round "1.31"]
[White "So, Wesley"]
[Black "Firouzja, Alireza"]
[Result "1/2-1/2"]
[WhiteTitle "GM"]
[BlackTitle "GM"]
[WhiteElo "2772"]
[BlackElo "2759"]
[WhiteFideId "5202213"]
[BlackFideId "12573981"]
[EventDate "2021.08.31"]
[EventType "k.o."]

1. e4 c6 2. d4 d5 3. Nc3 dxe4 4. Nxe4 Nf6 5. Qd3 Nbd7 6. Nf3 Nxe4 7. Qxe4 Nf6 8.
Qd3 g6 9. Be2 Bg7 10. O-O O-O 11. Bf4 Nd5 12. Bg3 a5 13. c4 Nf6 14. Rfe1 a4 15.
Rad1 Bg4 16. h3 Bxf3 17. Bxf3 e6 18. h4 Qb6 19. Re2 Rfd8 20. Red2 Rd7 21. h5
Rad8 22. Qe3 Qb4 23. h6 Bh8 24. Be2 Ne8 25. Bh4 Bf6 26. Bxf6 Nxf6 27. Qe5 Ne8
28. g4 Qd6 29. f4 Qe7 30. g5 Qf8 31. d5 exd5 32. cxd5 Qc5+ 33. Kf1 cxd5 34. Bf3
Re7 35. Qd4 Qc8 36. Kg2 Qf5 37. Kg3 f6 38. Bg4 Qe4 39. Qxe4 Rxe4 40. Bf3 Re7 41.
Rxd5 Rxd5 42. Rxd5 fxg5 43. fxg5 Nc7 44. Rd8+ Kf7 45. Bxb7 Ke6 46. Kf4 Rf7+ 47.
Ke4 Ke7 48. Rb8 Ne6 49. Bc6 Nxg5+ 50. Ke3 a3 51. bxa3 Kd6 52. Bg2 Ra7 53. Rb3
Nf7 54. Bf1 Nxh6 55. Bb5 Nf5+ 56. Ke4 Kc5 57. a4 Re7+ 58. Kf4 Nd4 59. Rc3+ Kb6
60. Kg5 Re5+ 61. Kh6 Rh5+ 62. Kg7 Nxb5 63. Rb3 Ka5 64. axb5 Rxb5 65. Ra3+ Kb4
66. Rb3+ Ka4 67. Kxh7 Rxb3 68. axb3+ Kxb3 69. Kxg6 1/2-1/2

[Event "Aimchess US Rapid KO 2021"]
[Site "chess24.com INT"]
[Date "2021.09.02"]
[Round "2.11"]
[White "Artemiev, Vladislav"]
[Black "Firouzja, Alireza"]
[Result "1-0"]
[WhiteTitle "GM"]
[BlackTitle "GM"]
[WhiteElo "2704"]
[BlackElo "2759"]
[WhiteFideId "24101605"]
[BlackFideId "12573981"]
[EventDate "2021.08.31"]
[EventType "k.o."]

1. c4 e6 2. g3 d5 3. Bg2 Nf6 4. Nf3 Be7 5. O-O O-O 6. b3 c5 7. cxd5 exd5 8. Bb2
Nc6 9. d4 Ne4 10. dxc5 Bxc5 11. Nc3 Nxc3 12. Bxc3 d4 13. Bb2 Bf5 14. Rc1 Qd6 15.
b4 Nxb4 16. Nxd4 Bxd4 17. Qxd4 Qxd4 18. Bxd4 Nc6 19. Bxc6 bxc6 20. Rxc6 Rfe8 21.
e3 Rec8 22. Rcc1 Bd3 23. Rfe1 a5 24. g4 Bc4 25. a3 Be6 26. h3 a4 27. Kh2 Rxc1
28. Rxc1 Rc8 29. Rd1 Bb3 30. Rd3 f6 31. Kg3 Kf7 32. Bb6 Ke6 33. Ba5 h5 34. Bb4
hxg4 35. hxg4 Rc6 36. Rd8 Rc7 37. f4 g6 38. Rd6+ Kf7 39. e4 Re7 40. Kf3 Rc7 41.
Ke3 Be6 42. f5 gxf5 43. gxf5 Bb3 44. Rb6 Bc2 45. Kd4 Rd7+ 46. Ke3 Rc7 47. Re6
Bb3 48. Ra6 Bc2 49. Bd6 Rc3+ 50. Kf4 Bd1 51. Ra7+ Kg8 52. e5 Rc4+ 53. Ke3 Rc6
54. Ra8+ Kh7 55. exf6 Bb3 56. Ra7+ Kg8 57. Rg7+ Kh8 58. Be5 Rc5 59. Bd4 1-0